00735nam a22002177a 450000500170000001000150001702000260003203500140005803700090007208200110008110000200009224500310011225000060014326000340014927000700018330000190025350000510027294200220032399900190034595201530036420260529144018.0 aENG-148682 a9789349042568c150.00 aEN-132214 bDBAD a88121 aTS Eliot989235 aThe Waste Land/ cTS Eliot a1 aChandigarhbThe Browserc2026 bChandigarhaSCO 14-15, Sector 8-Ce160009mservice@thebrowser.org a56p.c20cm(pb) awith Prufrock, The Hollow Men, and Other Poems 2ddccENh881mTSE c216401d216401 001040708NFICaTNbTNd2026-05-29eDelivery of Books Act Divisiong150.00l0o881 TSEpEN-132214r2026-05-29 14:40:44t 1v150.00w2026-05-29yEN